A course of mathematics for engineers and scientists
Saved in:
| Main Author: | |
|---|---|
| Other Authors: | |
| Format: | Book |
| Language: | English |
| Published: |
Oxford ; New York :
Pergamon Press,
1961
|
| Subjects: | |
| Tags: |
Add Tag
No Tags, Be the first to tag this record!
|
MARC
| LEADER | 00000cam a2200000 i 4500 | ||
|---|---|---|---|
| 001 | 1/9367 | ||
| 008 | 100714m1961 eng d | ||
| 035 | |l 10108602 | ||
| 040 | |a GR-MY-UA |b gre |e aacr | ||
| 041 | 0 | |a eng | |
| 082 | 0 | |a 510 |2 (22) | |
| 100 | 1 | |a Chirgwin, Brian H. | |
| 245 | 1 | 2 | |a A course of mathematics for engineers and scientists / |c Brian H. Chirgwin and Charles Plumpton |
| 260 | |a Oxford ; New York : |b Pergamon Press, |c 1961 | ||
| 300 | |a 2 τ.; |b εικ.; |c 22 εκ. | ||
| 504 | |a Περιέχει ευρετήριο | ||
| 650 | 0 | 0 | |a Mathematics. |
| 650 | 0 | 0 | |a Engineering mathematics. |
| 700 | 1 | |a Plumpton, C. |q (Charles) | |
| 852 | |a INST |b SAMOS |c MAG |e 20100714 |h 510 CHI |p 005300031500 |q 005300031500 |t BK |v τ.2: |y 0 |z τ.2 | ||
| 852 | |a INST |b SAMOS |c MAG |e 20100714 |h 510 CHI |p 005300031501 |q 005300031501 |t BK |v τ.1: |y 0 |z τ.1 | ||
| 853 | |a INST |b SAMOS |c MAG |h 510 CHI | ||
| 901 | |a BIBL3-2010-2 | ||
| 909 | |a Σ |b 165849 | ||
| 909 | |a Σ |b 165850 | ||
| 970 | |a ΣΙΤΖΙΜΗ |b ΓΙΑΣΕΜΗ |z 2010/07/14 | ||